000 00500nam a22001937a 4500
005 20241031122646.0
008 210201b2004 eng||||| |||| 00| 0 eng d
020 _a0971218501
040 _cDLC
041 _aeng
080 _a65
_bB-50
100 _9749
_aBerri,Tim
245 _aHurdle: The book on Business Plainig / Fifti edition
260 _aUSA
_bPalo Alto Softvare,inc.
_c2004
300 _a130 p. :
_bill
650 0 _9323
_aBusiness
653 _aბიზნესი
942 _2udc
_cBK
999 _c1095
_d1095